Normal view
MARC view
- Electronic commerce
Entry Topical Term
001 - CONTROL NUMBER
- control field: 243
003 - CONTROL NUMBER IDENTIFIER
- control field: JO-AjAnu
005 - DATE AND TIME OF LATEST TRANSACTION
- control field: 20230606070336.0
008 - FIXED-LENGTH DATA ELEMENTS
- fixed length control field: 230606|| aca||aabn | a|a d
040 ## - CATALOGING SOURCE
- Original cataloging agency: JO-AjAnu
- Transcribing agency: JO-AjAnu
150 ## - HEADING--TOPICAL TERM
- Topical term or geographic name entry element: Electronic commerce
670 ## - SOURCE DATA FOUND
- Source citation: Work cat.: (JO-AjAnu)127: Chan,Henry/Lee, Raymond/Dillon,Tharam/Chang,Elizabeth, author 242, E-commerce : fundamentals and applications